Handbook of statistical analysis and data mining applications

Αποθηκεύτηκε σε:
Λεπτομέρειες βιβλιογραφικής εγγραφής
Κύριος συγγραφέας: Nisbet, Robert 1942-
Άλλοι συγγραφείς: Elder, John F. (John Fletcher), Miner, Gary
Μορφή: Βιβλίο
Γλώσσα:English
Δημοσίευση: Amsterdam ; Boston : Academic Press/Elsevier, c2009
Θέματα:
Ετικέτες: Προσθήκη ετικέτας
Δεν υπάρχουν, Καταχωρήστε ετικέτα πρώτοι!

MARC

LEADER 00000nam a2200000 i 4500
001 1/11582
008 110117s2009 eng d
020 |a 978-0-12-374765-5 
035 |l 10109463 
040 |a GR-MY-UA  |b gre  |e aacr 
041 0 |a eng 
082 0 |a 006.312  |2 (22) 
100 1 |a Nisbet, Robert  |d 1942- 
245 1 0 |a Handbook of statistical analysis and data mining applications /  |c Robert Nisbet, John Elder, Gary Miner 
260 |a Amsterdam ; Boston :   |b Academic Press/Elsevier,   |c c2009 
300 |a xxxiv, 824 σ.;  |b εγχρ. εικ.;  |c 25 εκ.+  |e 1 οπτική δισκέτα λεϊζερ Η/Υ (4 3/4 ιν.) 
504 |a Περιέχει βιβλιογραφικές αναφορές και ευρετήριο 
650 0 0 |a Data mining  |x Statistical methods. 
700 1 |a Elder, John F.  |q (John Fletcher) 
700 1 |a Miner, Gary. 
852 |a INST  |b SAMOS  |e 20110117  |h 006.312 NIS  |p 005300033057  |q 005300033057  |t BK  |y 0 
852 |a INST  |b SAMOS  |e 20110117  |h 006.312 NIS   |p 005300033056  |q 005300033056  |t BK  |y 0 
901 |a BIBL3-2011-1 
909 |a Σ  |b 166681 
909 |a Σ  |b 166234 
922 |a 3ΕΛΗ  |b 201010  |c ΤΜΠΕΣ  |d ΠΑΠΑΣΩΤΗΡΙΟΥ 
970 |a ΚΟΣΙΕΡΗΣ  |b ΧΡΗΣΤΟΣ  |z 2011/01/18